000
00293nam a22001337a 4500
008
180906b xxu||||| |||| 00| 0 eng d
020
_a
0028973550
041
_a
eng
080
_a
030
100
_a
23
101
_a
enc
245
_a
Encyclopedia Of Biothics
_c
Reich,W,TH
942
_2
udc
_c
BK
999
_c
47579
_d
47579